[Event "European Blitz-ch 2018"]
[Site "Skopje"]
[Date "2018.12.06"]
[Round "4"]
[White "Dvirnyy, Danyyil"]
[Black "Jusic, Zdenko"]
[Result "1-0"]
[WhiteElo "2485"]
[BlackElo "2259"]
[Annotator "TA"]
[PlyCount "54"]
[EventDate "2018.12.06"]
[EventType "swiss"]
[EventCountry "MKD"]
[SourceTitle "playchess.com"]
[Source "ChessBase"]
[SourceQuality "1"]

{[%evp 14,54,45,42,45,32,51,41,45,39,57,0,45,36,47,31,91,0,0,-5,-8,-23,155,175,164,172,171,165,230,247,246,197,336,317,330,162,248,248,248,248,248,248,248]} 1. e4 d6 2. d4 Nf6 3. Nc3 e5 4. Nf3 exd4 5. Nxd4 Be7 6. g3 O-O 7. Bg2 {C41: Philidor Defence} a6 (7... Re8 8. O-O Bf8 9. h3 Nbd7 10. Re1 c5 11. Nf5 Ne5 12. Bg5 h6 13. Bxf6 Qxf6 14. Nd5 Qd8 {½-½ (32) Oparin,G (2602)-Mamedyarov,S (2799) Moscow 2017}) 8. O-O {LiveBook: 3 Games} Re8 9. h3 {White is slightly better.} h6 10. Bf4 Bf8 11. Qd2 Nbd7 12. Rad1 (12. g4 $14) 12... Ne5 13. b3 b5 {[#]} 14. Nd5 $146 ({Predecessor:} 14. g4 Bb7 {½-½ (62) Salgado Lopez,I (2626)-Mamedov,R (2660) Moscow 2011}) 14... g5 ({Better is} 14... Bb7 $14) 15. Bxe5 (15. Be3 $16) 15... dxe5 $11 16. Nc6 Qd6 17. Qc3 {Hoping for Nde7+!} Bb7 $2 {[#]} (17... Nxd5 $1 $11 18. Rxd5 Qf6) 18. Nde7+ $1 $16 {[%mdl 512]} Bxe7 (18... Rxe7 19. Rxd6) 19. Rxd6 Bxd6 20. Rd1 a5 (20... Rac8 {was worth a try.} 21. a4 Ra8) 21. Nxa5 $18 b4 22. Qf3 Bxe4 (22... Rxa5 $142 23. Rxd6 (23. Qxf6 Re6 $18) 23... cxd6 24. Qxf6 {[%mdl 64] Double Attack} Rxa2) 23. Qxf6 Bxg2 24. Kxg2 (24. Qxh6 $142 Bf3 25. Qxg5+ Kf8 26. Rd3) 24... Rxa5 (24... Re6 $142 25. Qf5 Rxa5) 25. Qxh6 e4 26. Re1 Re6 27. Qh5 Rc5 {Accuracy: White = 43%, Black = 46%.} 1-0

[Event "European Blitz-ch 2018"]
[Site "Skopje"]
[Date "2018.12.06"]
[Round "4"]
[White "Nestorovic, Nikola"]
[Black "Navara, David"]
[Result "0-1"]
[WhiteElo "2460"]
[BlackElo "2736"]
[Annotator "TA"]
[PlyCount "55"]
[EventDate "2018.12.06"]
[EventType "swiss"]
[EventCountry "MKD"]

{[%evp 9,55,-2,-9,-9,12,0,2,0,3,-20,-20,-17,19,-32,-24,-66,-75,-79,-18,-34,-24,-47,-22,-41,-16,-72,-70,-83,-95,-125,-95,-106,-37,-36,-33,-28,-15,-42,-49,-37,-44,-79,-79,-59,-81,-112,-125,-131]} 1. e4 c6 2. d4 d5 3. e5 Bf5 4. h4 Qc7 (4... h6 5. g4 Be4 6. f3 Bh7 7. c4 e6 8. Nc3 dxc4 9. Bxc4 Nd7 10. f4 Nb6 11. Bb3 Ne7 12. h5 Ned5 13. Nge2 Be7 14. O-O {½-½ (39) Antipov,M (2593)-Nakamura,H (2763) Douglas 2018}) 5. Nd2 $146 ({Predecessor:} 5. Be3 f6 6. g4 Bd7 7. f4 h5 8. gxh5 Nh6 9. Bd3 Bg4 10. Bg6+ Kd8 11. Qd3 e6 12. Ne2 {½-½ (20) Sethuraman,S (2619)-Motylev,A (2658) Fufeng 2017}) 5... c5 6. c3 {B12: Caro-Kann: Advance Variation} cxd4 7. cxd4 Nc6 8. Ndf3 {The position is equal.} e6 9. a3 Nge7 10. Bd3 Bg4 11. Be3 (11. h5 $11) 11... Nf5 12. Ne2 Be7 13. h5 O-O-O (13... h6 $17) 14. Rc1 Kb8 15. b4 Qb6 16. Bxf5 Bxf5 17. O-O (17. Ng3 $11) 17... Bg4 $17 18. Ng3 f6 19. Bf4 {[#] Threatens to win with exf6+.} Ka8 20. Re1 Bxf3 (20... f5 $17 21. Ne2 h6) 21. Qxf3 $15 Nxd4 22. Qe3 {Hoping for exf6.} Rc8 23. Qd3 {Threatening Rxc8+.} Rxc1 24. Rxc1 Nc6 {[%cal Bd4c6,Bc6e5,Be5c4][%mdl 32]} 25. exf6 Bxf6 26. b5 Ne5 27. Qe2 Nc4 28. a4 {Accuracy: White = 23%, Black = 56%.} 0-1

[Event "European Blitz-ch 2018"]
[Site "Skopje"]
[Date "2018.12.06"]
[Round "4"]
[White "De Filomeno, Simone"]
[Black "Bosiocic, Marin"]
[Result "0-1"]
[WhiteElo "2436"]
[BlackElo "2599"]
[Annotator "TA"]
[PlyCount "90"]
[EventDate "2018.12.06"]
[EventType "swiss"]
[EventCountry "MKD"]
[SourceTitle "playchess.com"]
[Source "ChessBase"]
[SourceQuality "1"]

{[%evp 9,90,5,45,25,23,-27,-27,-36,-16,-72,-68,-56,0,0,0,-23,-11,-68,-20,-8,-12,-2,-16,-90,-83,-87,-90,-83,-73,-66,-75,-68,-79,-118,0,0,0,0,0,-10,-5,-6,-6,-8,-7,-61,-56,-58,-63,-61,-45,-42,-43,-306,-297,-320,-312,-650,-624,-1782,-597,-1689,-1662,-29965,-29964,-6087,-5089,-29985,-6709,-29991,-29992,-29992,-29993,-29996,-29992,-29994,-29992,-29992,-29992,-29993,-29993,-29993,-29994]} 1. d4 Nf6 2. Nf3 e6 3. g3 b5 4. Qd3 b4 5. Bg2 (5. a3 Bb7 6. axb4 Bxb4+ 7. Bd2 Be4 8. Qb3 Be7 9. Nc3 Bxf3 10. exf3 Nc6 11. Qa4 Rb8 12. Bb5 {1-0 (35) Mamedyarov,S (2736)-Zhigalko,S (2656) Berlin 2015}) 5... d5 6. c4 {A46: 1 d4 Nf6 2 Nf3 e6: Torre, London and Colle Systems} bxc3 7. bxc3 $146 ({Predecessor:} 7. Nxc3 Be7 8. Bf4 O-O 9. O-O a5 10. Rac1 Ba6 11. Qc2 c5 12. Rfd1 {1-0 (23) Bouaraba,M (2224)-Chilla,J (2143) Dortmund 2010}) 7... Ba6 8. Qd1 {Black has an edge.} Bd6 9. Qa4+ (9. Bg5 $11) 9... Qd7 $17 10. Qa5 Qb5 (10... Qc8 $15) 11. Qxb5+ $11 Bxb5 12. a4 Ba6 13. Ba3 (13. Na3 $11) 13... Nbd7 14. Nfd2 $1 Rb8 {next ...0-0 is good for Black.} 15. c4 $1 dxc4 16. Nc3 (16. O-O $11 {remains equal.}) 16... Bxa3 $17 17. Rxa3 Rb2 18. Bc6 Ke7 19. Bb5 Bxb5 20. axb5 Nb6 $1 ({Reject} 20... Rc2 $6 21. Kd1 $14) 21. Rxa7 Kd7 (21... Rc2 $17 22. Nd1 Rc8) 22. Kd1 $11 Nfd5 23. Kc1 Rb4 24. Nde4 Nxc3 25. Nxc3 Nd5 $36 {[%mdl 2048] Black is pushing.} 26. Kc2 Rb3 27. Nxd5 (27. Ne4 $11 Rxb5 28. Nc5+ Kc6 29. e4) 27... exd5 $15 28. Rb1 Rxb1 29. Kxb1 {[%mdl 4096] Endgame KR-KR} Rb8 $1 30. Ra5 c6 {[%cal Bc7c6,Bc6b5,Bb5b4][%mdl 32]} 31. Kc2 $2 {[%mdl 8192] [#]} (31. Ra7+ $15 Ke8 32. Rc7) 31... cxb5 $19 32. Ra7+ Kc6 33. Rxf7 $2 (33. Ra6+ Rb6 34. Ra5) 33... b4 34. Rxg7 Ra8 (34... b3+ $142 35. Kb1 Ra8) 35. Rxh7 Ra2+ 36. Kb1 Rxe2 37. Rh8 Kb5 38. Rd8 c3 (38... b3 $142 39. Rb8+ Ka4 40. Kc1 c3 41. Kd1 Rxf2 42. Ra8+ Kb4 43. Rb8+ Kc4 44. Rb7 c2+ 45. Ke1 Rxh2 46. Rc7+ Kxd4 47. Kf1 b2 48. Kg1 Rd2 49. Rf7 c1=Q+ 50. Rf1 b1=Q 51. Rxc1 Qxc1#) 39. Rxd5+ Kc4 {Black mates.} 40. Re5 Rxf2 41. d5 b3 42. Re1 Ra2 43. d6 c2+ 44. Kc1 Ra1+ 45. Kd2 Rxe1 {Accuracy: White = 32%, Black = 66%.} 0-1

[Event "European Blitz-ch 2018"]
[Site "Skopje"]
[Date "2018.12.06"]
[Round "4"]
[White "Nikcevic, Nebojsa"]
[Black "Djukic, Nikola"]
[Result "0-1"]
[WhiteElo "2434"]
[BlackElo "2574"]
[Annotator "TA"]
[PlyCount "102"]
[EventDate "2018.12.06"]
[EventType "swiss"]
[EventCountry "MKD"]

{[%evp 30,102,38,43,86,97,84,-60,-31,-42,-49,-447,-460,-459,-458,-457,-457,-459,-370,-342,-336,-370,-344,-389,-347,-427,-382,-367,-305,-447,-442,-524,-385,-504,-436,-520,-489,-814,-727,-718,-564,-634,-619,-603,-462,-846,0,0,0,0,0,0,224,-427,0,-367,0,0,0,0,0,0,291,300,291,0,0,-939,-673,-29986,-29983,-29988,-1620,-29998,-29999]} 1. d4 Nf6 2. c4 c5 3. d5 b5 4. cxb5 a6 5. f3 axb5 6. e4 Qa5+ 7. Bd2 b4 8. Na3 d6 9. Nc4 Qc7 10. a4 bxa3 11. Rxa3 Rxa3 12. bxa3 g6 {A57: Benko/Volga Gambit} 13. Qa4+ Nbd7 14. Bd3 (14. Ba5 Qb8 15. Nb6 Bh6 16. Nxc8 Qxc8 17. Qc6 Qb8 18. Bb5 O-O 19. a4 c4 20. Kd1 Qa7 21. Bc3 Qe3 22. Ne2 Ne5 {0-1 (22) Samdanov,S (2235)-Tsydypov,Z (2528) Ulan Ude 2017}) 14... Bg7 15. Ne2 O-O 16. O-O {LiveBook: 3 Games} e6 17. dxe6 $146 ({Predecessor:} 17. Ba5 Qa7 18. dxe6 fxe6 19. Qc6 Qa6 20. Qxd6 {½-½ (48) Flumbort,A (2225)-Deak,F (2215) Hungary 1998}) 17... fxe6 {Threatening ...d5.} 18. e5 (18. Bf4 $1 $16 {[%cal Rf4d6]} e5 19. Bg5) 18... Nxe5 $15 19. Nxe5 dxe5 20. Ng3 $2 {[%mdl 8192]} (20. Qc2 $15) 20... Rd8 $19 21. Ba5 Qa7 $1 22. Bb5 Rd4 23. Bc4 {[#] Now Qc6 and White clings on.} Rxc4 $1 {[%mdl 576] Deflection} 24. Qxc4 Qxa5 25. Rb1 {With the idea Rb8.} Bf8 26. h3 Qa6 27. Qc3 Qd6 28. Kh1 Qd4 29. Qc2 (29. Ne2 $142 Qd6 30. a4) 29... c4 30. Rb8 Qc5 31. Ne2 Bd6 32. Ra8 Kg7 33. Nc3 (33. Ra4 $142 Qf2 34. Rxc4) 33... Bb7 34. Rd8 Be7 35. Rd2 Nh5 36. Rd7 Bc8 37. Ne4 {[#]} (37. Na4 $142 Qxa3 38. Rc7) 37... Qxa3 $2 (37... Bxd7 38. Nxc5 Bxc5 39. Qxc4 $14) (37... Ng3+ $1 $19 {[%mdl 512]} 38. Nxg3 Bxd7) 38. Rc7 $11 Ba6 {Hoping for ...Nf6.} 39. Ra7 Nf4 40. Kh2 h5 $2 {[#]} (40... Kh6 $11 {and Black is okay.}) 41. Ng5 $4 {[%mdl 8192]} (41. Qb1 $1 $18 {[%cal Rb1b8]} g5 42. Nxg5) 41... Qd6 $2 ({Better is} 41... Qc5 $19 42. Rd7 Kf8) 42. g3 $2 {[%mdl 8192] [#]} (42. Ne4 $11 Qb4 43. Rxa6) 42... Nd3 $2 ({Black should play} 42... Nd5 $1 $19 {Strongly threatening ...Qb6.} 43. Qa2 Bb5) 43. Ne4 Qa3 {And now ...Ne1 would win.} 44. Qd2 h4 45. Qg5 Kf8 $2 {[%mdl 8192]} (45... Qb2+ $11 46. Nd2 Bb7 47. Qxe7+ {[%mdl 64] Double Attack} Kg8) 46. Qh6+ $18 Ke8 {Threatens to win with ...Qb2+.} 47. Qh8+ $2 ({White has to play} 47. Qxg6+ $18 Kd8 48. Qg8+ Bf8 49. gxh4 (49. Ra8+ Kc7 $16)) 47... Bf8 $11 48. Nf6+ $2 {[%mdl 8192]} ({Not} 48. gxh4 $2 Ne1 $19) (48. Ra8+ $11 Kd7 49. Qxf8 Qb2+ 50. Kg1 Qc1+ 51. Kh2 Qc2+ 52. Kh1 Qc1+ 53. Kh2 Qc2+ 54. Kh1 Qd1+ 55. Kh2 Qe2+ 56. Kg1 Qe1+ 57. Kh2 Qe2+ 58. Kg1 Qe1+ 59. Kh2 hxg3+ 60. Nxg3 Qf2+ 61. Kh1 Qe1+ 62. Kh2 Qf2+ 63. Kh1 Qe1+ 64. Kh2) 48... Kd8 $19 {( -> ...Qa2+)} 49. Rd7+ Kc8 50. gxh4 Qb2+ (50... Ne1 $142 51. Ne4 Kxd7 52. Qh7+ Be7 53. Qh6 Nxf3+ {[%mdl 64] Double Attack} 54. Kg2 Bb7 55. Qxg6 Nxh4+ {[%mdl 64] Double Attack} 56. Kf1 Qf3+ 57. Nf2 Nxg6 58. h4 Bxh4 59. Ke1 c3 60. Kf1 Qxf2#) 51. Kg3 Qf2+ {Accuracy: White = 23%, Black = 47%.} 0-1

[Event "European Blitz-ch 2018"]
[Site "Skopje"]
[Date "2018.12.06"]
[Round "4"]
[White "Saveliev, Alexei"]
[Black "Potapov, Pavel"]
[Result "0-1"]
[WhiteElo "2360"]
[BlackElo "2516"]
[Annotator "TA"]
[PlyCount "68"]
[EventDate "2018.12.06"]
[EventType "swiss"]
[EventCountry "MKD"]

{[%evp 17,67,7,29,0,8,11,18,15,10,16,74,8,45,16,17,0,0,-25,0,-31,-32,-22,0,-10,-14,-20,-12,-12,-26,-51,-13,-19,-18,-18,-23,-31,0,0,0,0,0,-21,0,-44,-49,-100,-115,-184,0,-29998,-29999,-29999]} 1. e4 c5 2. Nf3 Nc6 3. Nc3 e5 4. Bc4 Be7 5. O-O d6 6. d3 Nf6 7. Ng5 O-O 8. f4 exf4 9. Bxf4 Na5 {LiveBook: 13 Games. B30: Sicilian: 2...Nc6 3 Bb5, lines without ...g6} 10. Bb3 (10. b3 {with more complications.} a6 11. a4 Bd7 12. Nf3 Nh5 13. Bd2) 10... Nxb3 11. axb3 h6 {The position is equal.} 12. Nf3 Bg4 $146 ({Predecessor:} 12... Be6 13. h3 a6 14. Qd2 d5 15. e5 Nh5 16. Bh2 d4 17. Ne4 {½-½ (28) Kholmov,R (2420)-Turov,M (2546) Tula 2001}) 13. Qe1 Qd7 (13... a6 $11 {keeps the balance.}) 14. Qf2 (14. e5 $1 $16 {[%cal Re5f6]} dxe5 15. Nxe5 (15. Qxe5 Rfe8 $11) 15... Qd4+ 16. Kh1) 14... b6 15. h3 Be6 $1 16. Bh2 d5 17. e5 Ne8 18. Ne2 d4 19. Nf4 Kh7 20. Nd2 Nc7 21. Ne4 Nd5 22. Nxd5 Bxd5 23. Nd6 Qe6 (23... f5 $5) 24. Nf5 Bg5 25. Qg3 g6 26. Nd6 f5 {Hoping for ...Be3+.} 27. exf6 $1 Rxf6 28. Rxf6 Qxf6 29. Kh1 a5 30. Qg4 Rf8 31. Re1 (31. Ne4 $15 Bxe4 32. Qxe4) 31... Be3 $36 {[%mdl 2048] Black has strong initiative.} 32. Qd7+ {[#]} (32. Bg3 $17 {was worth a try.}) 32... Kh8 $2 (32... Rf7 $1 $19 {[%mdl 512] ( -> ...Bxg2+!)} 33. Qg4 (33. Nxf7 Bxg2+) 33... Qf2) 33. Ne8 $2 {[%mdl 8192] [#]} (33. Ne4 $11 Bxe4 34. dxe4) 33... Bxg2+ $1 {[%mdl 576] Remove Defender} 34. Kxg2 Qf3# {Accuracy: White = 19%, Black = 42%.} 0-1

[Event "European Blitz-ch 2018"]
[Site "Skopje"]
[Date "2018.12.06"]
[Round "4"]
[White "Ristic, Nenad"]
[Black "Cheparinov, Ivan"]
[Result "0-1"]
[WhiteElo "2357"]
[BlackElo "2709"]
[Annotator "TA"]
[PlyCount "68"]
[EventDate "2018.12.06"]
[EventType "swiss"]
[EventCountry "MKD"]

{[%evp 13,68,33,35,-113,-125,-111,-119,-120,-105,-103,-102,-143,-137,-131,-148,-152,-147,-156,-133,-188,-191,-202,-104,-322,-312,-397,-375,-430,-423,-416,-411,-536,-536,-583,-583,-586,-579,-548,-562,-584,-549,-832,-784,-1089,-1062,-1039,-846,-1277,-1239,-2486,-1205,-29987,-29988,-29988,-29989,-29997,-29998]} 1. e4 c6 2. Nc3 d5 3. Nf3 dxe4 4. Nxe4 Nf6 5. Qe2 Bf5 6. Nxf6+ {B11: Caro-Kann: Two Knights Variation} gxf6 7. d4 Qd5 {LiveBook: 3 Games} 8. Qc4 $146 {[#]} (8. c3 $14 {stays ahead.}) ({Predecessor:} 8. c4 Qe4 9. Qxe4 Bxe4 10. Nh4 Na6 11. f3 Bc2 12. Be3 e5 13. dxe5 fxe5 {0-1 (43) Karthikeyan,M (2585)-Artemiev,V (2697) Moscow 2018}) 8... Qxc4 $1 $17 9. Bxc4 Bxc2 10. O-O Be4 11. Nd2 Bd5 12. Bxd5 cxd5 13. Nb3 e6 14. Bf4 Nc6 15. Rac1 Be7 16. Nc5 (16. Rfd1 $17) 16... Nxd4 $19 17. Rfe1 Rc8 (17... O-O $19 18. Be3 Bxc5 19. Rxc5 b6) 18. b4 $2 (18. Nxe6 $17 Rxc1 19. Ng7+ Kf8 20. Bxc1) 18... b6 19. Nd3 Rxc1 20. Nxc1 Kd7 21. Nd3 Rc8 22. h3 Rc3 23. Re3 {[#]} Rxd3 $1 {[%mdl 64] Deflection} 24. Rxd3 {[%mdl 4096] Endgame KRB-KBN} Ne2+ {[%mdl 64] Double Attack} 25. Kf1 Nxf4 26. Rf3 e5 {[%cal Be6e5,Be5e4][%mdl 32]} 27. b5 d4 {[%cal Bd5d4,Bd4d3][%mdl 32]} 28. h4 d3 {( -> ...d2)} 29. Ke1 Bd6 30. Kd1 e4 31. Rg3 Ne2 32. Rg7 Bf4 {Black mates.} 33. Rxf7+ Ke6 34. Rxa7 Nc3+ {[%mdl 64] Double Attack. Accuracy: White = 17%, Black = 72%.} 0-1

[Event "European Blitz-ch 2018"]
[Site "Skopje"]
[Date "2018.12.06"]
[Round "4"]
[White "Danov, Lyubomir"]
[Black "Esipenko, Andrey"]
[Result "1-0"]
[WhiteElo "2353"]
[BlackElo "2593"]
[Annotator "TA"]
[PlyCount "87"]
[EventDate "2018.12.06"]
[EventType "swiss"]
[EventCountry "MKD"]
[SourceTitle "playchess.com"]
[Source "ChessBase"]
[SourceQuality "1"]

{[%evp 13,87,-8,29,20,25,-71,-58,-68,73,-56,-49,-56,-52,-56,-49,-47,-57,-73,-71,-66,-66,-68,-9,-5,0,0,78,0,0,0,0,-2,-2,-5,333,327,566,567,504,514,686,650,1408,1404,1402,1400,1398,1384,1357,1342,1314,1268,1297,1194,1280,797,1789,1677,29975,29976,29976,29977,29979,29980,29980,29981,29981,29981,29981,29981,29983,29984,29984,29985,29985,29986]} 1. e4 c6 2. d4 d5 3. exd5 cxd5 4. c4 Nf6 5. Nc3 Nc6 6. Bg5 Be6 7. Nf3 Qa5 {LiveBook: 10 Games. B13: Caro-Kann: Exchange Variation and Panov-Botvinnik Attack} (7... g6 8. Bxf6 exf6 9. c5 Bg7 10. Bb5 O-O 11. O-O Bg4 12. Bxc6 bxc6 13. h3 Bxf3 14. Qxf3 Rb8 15. b3 f5 16. Rfd1 Qh4 17. Ne2 {½-½ (47) Romanov,E (2626)-Volkov,S (2645) St Petersburg 2017}) 8. Bxf6 exf6 9. Be2 (9. a3 $1 $11 {keeps the balance.}) 9... dxc4 $17 {Black is better.} 10. d5 Rd8 (10... O-O-O $1 $15 {stays ahead.} 11. O-O Bxd5 12. Nxd5 Rxd5) 11. O-O $146 (11. Bxc4 $16 {Black must now prevent Qb3.} Bb4 12. O-O) ({Predecessor:} 11. Bxc4 Bb4 12. O-O Bxc3 13. Qe2 Be5 14. dxe6 fxe6 15. Bxe6 {½-½ (44) Berkley,S-Stoffers,B IECC email 2000}) 11... Bxd5 $15 12. Nxd5 Rxd5 13. Qc2 {[#]} c3 $1 14. Bc4 (14. bxc3 Be7) 14... Rd7 15. bxc3 Be7 16. Rad1 Rxd1 17. Rxd1 O-O (17... Qc7 $1 $15) 18. Rd7 $36 {[%mdl 2048] White is pushing.} Qc5 19. Qe4 Rb8 (19... Re8 $11 {remains equal.}) 20. g3 (20. Bd5 $16) 20... g6 21. Bd5 {Bxc6 is the strong threat.} Kf8 $1 22. Bxc6 bxc6 23. Nd4 Rd8 $2 {[%mdl 8192] [#]} (23... Rb2 $11) 24. Rxe7 $1 $18 {[%mdl 64] Decoy} ({Stronger than} 24. Qxc6 Rxd7 25. Qxd7 Qxc3 $17) 24... Qxe7 $2 (24... Qxc3 25. Nxc6 {[%mdl 64] Double Attack} Rd1+ 26. Kg2 f5 27. Re8+ Kg7 28. Qe5+ Qxe5 29. Rxe5 Rd6) 25. Qxe7+ Kxe7 26. Nxc6+ {[%mdl 64] Double Attack} Kd7 27. Nxd8 Kxd8 {[%mdl 4096] Endgame KP-KP} 28. Kf1 Kd7 29. Ke2 Kd6 30. Kd3 Kd5 31. c4+ Kc5 32. Kc3 f5 33. Kd3 f6 34. Kc3 g5 35. f4 h5 36. h4 {White mates.} gxf4 37. gxf4 a6 38. Kd3 Kc6 39. Kd4 Kd6 40. c5+ {[%cal Bc4c5,Bc5c6][%mdl 32]} Ke6 41. Kc4 Ke7 42. Kd5 Kd7 43. c6+ Kc7 44. Kc5 {Accuracy: White = 64%, Black = 26%.} 1-0

[Event "European Blitz-ch 2018"]
[Site "Skopje"]
[Date "2018.12.06"]
[Round "4"]
[White "Maier, Christian"]
[Black "Van Foreest, Jorden"]
[Result "0-1"]
[WhiteElo "2340"]
[BlackElo "2614"]
[Annotator "TA"]
[PlyCount "48"]
[EventDate "2018.12.06"]
[EventType "swiss"]
[EventCountry "MKD"]

{[%evp 19,48,5,21,0,26,-78,-74,-92,-18,-46,-56,-56,0,-4,27,-50,-48,-46,-76,-68,-52,-10,-29,-12,453,2,2,2,2,-29997,-29998]} 1. e4 c5 2. Nf3 e6 3. b4 cxb4 4. d4 d5 5. e5 Nc6 6. a3 Nh6 7. axb4 Bxb4+ 8. c3 Be7 9. Bd3 Nf5 10. O-O {C00: French: Unusual White 2nd moves} (10. h4 h5 11. Na3 a6 12. Bg5 Bd7 13. Nc2 Rc8 14. Ne3 g6 15. Bxf5 gxf5 16. c4 Nb4 17. cxd5 Bb5 18. Bxe7 Qxe7 {½-½ (31) Sedlak,N (2570)-Dvirnyy,D (2450) Rijeka 2010}) 10... O-O {LiveBook: 3 Games} 11. Ra2 f6 12. g4 {[#]} (12. exf6 $1 $11 Rxf6 13. Bg5) 12... fxe5 $1 $17 13. dxe5 {[#]} Nh4 (13... Nh6 $1 $17 {[%cal Rh6g4]} 14. h3 Nf7) 14. Nxh4 $11 Bxh4 15. f4 Bd7 $146 (15... Be7 $15) ({Predecessor:} 15... Be7 16. Rg2 g5 17. Rg3 Kg7 {1-0 (29) Husarik,B (2176)-Horak,V (2082) Czechia 2010}) 16. g5 $132 {[%mdl 2048] White is fighting back} Qb6+ (16... Bxg5 $5 17. fxg5 Qb6+ 18. Kg2 Nxe5 $11) 17. Kh1 {[#]} (17. Kg2 $1 $11 Bxg5 18. Rb2 (18. fxg5 Nxe5 19. Raf2 Rxf2+ 20. Rxf2 d4 $11)) 17... Nxe5 $1 $15 {[%mdl 512]} 18. fxe5 Rxf1+ 19. Qxf1 {Strongly threatening Rb2.} Bc6 $1 20. Qh3 d4+ {[%cal Bd5d4,Bd4d3][%mdl 32]} 21. Kg1 Rf8 $2 {[%mdl 8192]} (21... Qb3 $11 {and Black has nothing to worry.} 22. Nd2 Qd5) 22. c4 $2 (22. Qxh4 $18 dxc3+ 23. Rf2 Rxf2 24. Bxh7+ Kf7 25. Qxf2+ Qxf2+ 26. Kxf2) 22... Be4 $1 $11 23. Bxe4 d3+ $1 24. Be3 $2 {[%mdl 8192]} (24. c5 $11 Qxb1 25. Qxe6+ (25. Qxh4 $2 Qxc1+ 26. Kg2 Qf1+ 27. Kg3 g6 $19) 25... Kh8 26. Qc4 Bxg5 27. Bxd3 Qxc1+ 28. Qxc1 Bxc1 29. Rxa7) 24... Qxb1+ {[%mdl 64] Double Attack. Accuracy: White = 37%, Black = 33%.} 0-1

[Event "European Blitz-ch 2018"]
[Site "Skopje"]
[Date "2018.12.06"]
[Round "4"]
[White "Maly, Alexey"]
[Black "Mamedov, Rauf"]
[Result "0-1"]
[WhiteElo "2339"]
[BlackElo "2703"]
[Annotator "TA"]
[PlyCount "60"]
[EventDate "2018.12.06"]
[EventType "swiss"]
[EventCountry "MKD"]
[SourceTitle "playchess.com"]
[Source "ChessBase"]
[SourceQuality "1"]

{[%evp 23,59,38,22,22,26,9,35,-2,-18,-63,-90,-81,-79,-148,-155,-165,-148,-301,-210,-287,-316,-319,-299,-598,-417,-421,-412,-3452,-3245,-3086,-2572,-2430,-2095,-2695,-2022,-29998,-29996,-29999]} 1. d4 d6 2. c4 e5 3. Nc3 exd4 4. Qxd4 Nc6 5. Qd2 g6 6. b3 Bg7 7. Bb2 Nf6 8. g3 O-O 9. Bg2 Re8 10. Nh3 a5 {A21: English Opening: 1...e5 2 Nc3} (10... d5 11. cxd5 Bxh3 12. Bxh3 Nxd5 13. Nxd5 Bxb2 14. Rd1 Nd4 15. Qxb2 Qxd5 16. O-O Rad8 17. Bg2 Qe5 18. Kh1 Qxe2 {1-0 (58) Mamedyarov,S (2736)-Onischuk,V (2612) Berlin 2015}) 11. Nf4 Ne5 12. O-O a4 {LiveBook: 4 Games. White is slightly better.} 13. Rac1 axb3 $146 ({Predecessor:} 13... Bd7 14. Nfd5 Nxd5 15. cxd5 b5 16. Nd1 axb3 17. axb3 Ra2 18. Rc2 {½-½ (40) Sher,M-Zaichik,G Volgodonsk 1983}) 14. axb3 Nfd7 {[%cal Bf6d7,Bd7c5,Bc5e6,Be6d4,Bd4f3][%mdl 32]} 15. Qc2 Nc5 16. Rfd1 Bf5 17. e4 Bg4 18. Nfe2 (18. Rd2 $142) 18... Nf3+ $17 19. Kh1 {[#]} Qg5 $1 {[%cal Rg5h6]} 20. b4 $2 (20. h3 $17) 20... Ne6 $40 {[%mdl 128] ...Qh6 is the strong threat. White is in trouble.} 21. Rd5 {[#]} Qh6 $1 {[%csl Gf3][%cal Rh6h2]} 22. h4 g5 {[%cal Bg6g5,Bg5h4,Bh4g3][%mdl 32]} 23. Ng1 $2 (23. Bxf3 Bxf3+ 24. Kg1) 23... Ned4 24. Qd3 {[%cal Rg2f3]} gxh4 25. Nxf3 (25. Qe3 $142 c6 26. Qxh6 Bxh6 27. Bxf3 Bxc1 28. Bxc1 Nxf3 29. Ra5) 25... hxg3+ $19 {[%mdl 64] Discovered Attack} 26. Kg1 Nxf3+ 27. Kf1 Qh2 {( -> ...Qg1+)} 28. Qe3 Bh6 29. Qd3 Qg1+ {[%mdl 64] Double Attack} 30. Ke2 Nd4# {Accuracy: White = 18%, Black = 76%.} 0-1